Statistics for Countries that Haven't Won an Olympic Medal

Click here to take the quiz!

General Stats

  • This quiz has been taken 33 times
  • The average score is 36 of 79

Answer Stats

Games Attended NOC % Correct
3Tuvalu
86%
5Palau
79%
3Marshall Islands
76%
6Saint Lucia
76%
11Guinea
72%
9Seychelles
72%
1South Sudan
72%
9Solomon Islands
72%
8Saint Vincent and the Grenadines
69%
11Lesotho
69%
7Yemen
69%
6Guinea-Bissau
69%
4Kiribati
69%
12Chad
69%
6Saint Kitts and Nevis
69%
6Comoros
66%
24San Marino
66%
11Swaziland
66%
9Bhutan
66%
8Vanuatu
66%
10Antigua and Barbuda
66%
6Nauru
66%
13Mali
66%
14Madagascar
62%
9Gambia
62%
18Malta
62%
17Nepal
62%
23Andorra
62%
12Belize
62%
11Benin
62%
6Cape Verde
62%
6East Timor
62%
9Burkina Faso
59%
9Rwanda
59%
5Micronesia
59%
9Mauritania
59%
9Laos
59%
5Brunei
59%
9Oman
59%
9Equatorial Guinea
55%
7Dominica
55%
8Maldives
55%
9Cambodia
52%
11Sierra Leone
52%
12Honduras
52%
30Monaco
52%
6Sao Tome and Principe
52%
10Malawi
52%
12Liberia
48%
9Somalia
45%
12Albania
45%
11El Salvador
45%
9Angola
45%
12Nicaragua
34%
9Bangladesh
34%
10Papua New Guinea
31%
20Bolivia
31%
17Myanmar
24%
6Turkmenistan
21%
10Central African Republic
21%
10Libya
17%
14Bosnia and Herzegovina
14%
6Palestine
7%
10Democratic Republic of the Congo
7%
12Republic of the Congo
7%
8Aruba
3%
11British Virgin Islands
3%
12Cayman Islands
3%
8Cook Islands
3%
9Guam
3%
1Korea
3%
9American Samoa
0%
1North Borneo
0%
2Malaya
0%
3Republic of China
0%
1Saar
0%
2North Yemen
0%
1South Yemen
0%
1Refugee Olympic Team
0%

Score Distribution

Percentile by Number Answered

Percent of People with Each Score

Your Score History

You have not taken this quiz